000 00456nam a2200181Ia 4500
008 230711s9999||||xx |||||||||||||| ||und||
020 _a978-93-392-1205-6
041 _aENG
082 _a658.15
_bBO-I
100 _aBodie,Zvi
245 0 _aInvestments
250 _a10th Ed.
260 _c2017
_aNew Delhi
_bMcGraw Hill Education(India) Private Limited
300 _a1091p.
650 _aUNIVESITY BUSNIESS SCHOOL
700 _aKane,Alex
942 _cBK
999 _c6785
_d6785